| 000 | 01260cam a2200325 i 4500 | ||
|---|---|---|---|
| 001 | 14514067 | ||
| 003 | EG-ScBUE | ||
| 005 | 20250109094623.0 | ||
| 008 | 060823s2007 ne a f 001 0 eng d | ||
| 020 | _a0750669497 (pbk.) | ||
| 020 | _a9780750669498 (pbk.) | ||
| 040 |
_aDLC _beng _erda _cDLC _dDLC _dEG-ScBUE |
||
| 082 | 0 | 4 |
_222 _a526.902462 _bSCH |
| 100 | 1 |
_aSchofield, W. _q(Wilfred) _eauthor. _912253 |
|
| 245 | 1 | 0 |
_aEngineering surveying / _cW. Schofield, former principle lecturer, Kingston University, M. Breach, principal lecturer, Nottingham Trent University. |
| 250 | _aSixth edition. | ||
| 264 |
_aAmstedam ; _aBoston : _bElsevier/Butterworth-Heinemann, _c2007. |
||
| 300 |
_avi, 622 pages : _billustrations ; _c25 cm |
||
| 336 |
_2rdacontent _atext _btxt |
||
| 337 |
_aunmediated _2rdamedia _bn |
||
| 338 |
_avolume _bnc _2rdacarrier |
||
| 500 | _aIncludes index. | ||
| 650 | 7 |
_aSurveying. _2BUEsh _912254 |
|
| 655 | _vReading book | ||
| 700 | 1 |
_aBreach, M. _q(Mark) _eauthor. _912255 |
|
| 856 | 4 | 2 |
_3Publisher description _uhttp://www.loc.gov/catdir/enhancements/fy0729/2006933363-d.html |
| 906 |
_a7 _bcbc _corignew _d2 _eepcn _f20 _gy-gencatlg |
||
| 942 |
_2ddc _cBB |
||
| 999 |
_c10282 _d10282 |
||